Podunajský poštár závodný časopis ZS ROH pri OPÚ Bratislava 1

Bibliographic Details
Corporate Author: Obvodný poštový úrad Bratislava 1 (Publisher)
Other Authors: Šútor, Juraj (Publishing director), Grígerová, Emília (Publishing director)
Format: Journal
Language:Slovak
PhysicalDescription:3 roč. 30 x 21 cm
Published: Bratislava OPÚ v Bratislave 1 1951-1954
Subjects:

MARC

LEADER 00000nas a22000001a 4500
001 vtls010301929
003 SK-MaSNL
005 20260228162600.0
008 110810d19511954xo mr p r 0 b0slo
015 |a SNBDS17XX9999 
015 |a 1111  |2 Balúnová 1945-60 
038 |a SNKBUDS 
040 |a SNK  |b slo  |c SNK  |e AACR2 
041 0 |a slo 
044 |a xo  |c SK 
080 |a 070.489  |2 2001 
245 0 0 |a Podunajský poštár  |b závodný časopis ZS ROH pri OPÚ Bratislava 1 
260 |a Bratislava  |b OPÚ v Bratislave 1  |c 1951-1954 
300 |a 3 roč.  |c 30 x 21 cm 
310 |a 1x mesačne 
362 0 |a Roč. I (1951)-roč. III, č. 6 (dec. 1954) 
500 |a Vych. v Bratislave mesačne (okrem júla a aug.) 
500 |a Ved. red. Juraj Šútor s red. kruhom, od 1/III (1. mája 1954) Emília Grígerová 
500 |a Vyd. ZS ROH pri OPÚ v Bratislave 1 
500 |a Tlač. rozmnož. rotaprintom 
500 |a Popis od č. 3-4/II z 24. apr. 1952. Od júna 1952 do mája 1954 nevych. (v čl. v č. 1/III z 1. mája 1954 príhovor red. oznamuje, že po dlhšom čase začal opäť vychádzať). Posl. známe č. 6/III z dec. 1954. Pov. PIO č. 20035/51-II/3 z 5. mája 1951; č. 793/54-II z 19. febr. 1954 
505 8 0 |g Roč. I. 1951 
505 8 0 |g Roč. II. 1952 6 č. po 8 s. 
505 8 0 |g Roč. III. 1954 6 č. po 8 s. 
610 2 7 |a Obvodný poštový úrad Bratislava 1  |x časopisy  |2 SNKBUDS  |9 271486 
650 0 7 |a poštové služby  |2 SNKBUDS  |9 70200 
655 7 |a podnikové časopisy  |2 SNKBUDS  |9 265225 
700 1 |a Šútor, Juraj  |4 pbd  |9 271487 
700 1 |a Grígerová, Emília  |4 pbd  |9 271488 
710 2 |a Obvodný poštový úrad Bratislava 1  |e vydav.  |9 271489 
852 |a SNK  |b 10000  |h ČSB 804 
852 |a UKB  |b 300000  |h SB 5407 
852 |a SVKKK  |b 900000  |h C 2963 
999 |c 8083  |d 10013